| 000 | 01821nam2a22003611 4500 | ||
|---|---|---|---|
| 001 | rc\403136 | ||
| 005 | 20250621134422.0 | ||
| 010 |
_bВ пер. _d1 р. 90 к. |
||
| 021 |
_aRU _b89-73739 |
||
| 035 | _a(NLR Aleph) 005805726 | ||
| 090 |
_a5341688 _c5341688 |
||
| 100 | _a20030616d1989 |||y0rusy50 ca | ||
| 101 | 0 | _arus | |
| 102 | _aRU | ||
| 105 | _aa z||||||a| | ||
| 200 | 1 |
_aПовести _f[худож. Е. Катакалидис] |
|
| 215 |
_a407, [1] с. _cил. |
||
| 327 | 1 | _aСодерж.: На 9-й Хребтовой ; Деловая поездка ; Забытый август ; Парк ; Допрос ; Структура момента ; Проснувшись с улыбкой | |
| 461 | 0 |
_1001rc\403135 _12001#$aИзбранное$eВ 2 т.$fРустам Ибрагимбеков$vТ. 1 _1700#1$aИбрагимбеков$bР.$gРустам$f1939- _95341679 _aИбрагимбеков, Р. (1939-) _cБаку _d1989 _fРустам Ибрагимбеков _nАзернешр _oв 2-х томах _tИзбранное _y5552002571 _vТ. 1 |
|
| 464 | 0 |
_12001#$aНа 9-й Хребтовой _153211$aНа Девятой Хребтовой _tНа 9-й Хребтовой |
|
| 464 | 0 |
_12001#$aДеловая поездка _tДеловая поездка |
|
| 464 | 0 |
_12001#$aЗабытый август _tЗабытый август |
|
| 464 | 0 |
_12001#$aПарк _tПарк |
|
| 464 | 0 |
_12001#$aДопрос _tДопрос |
|
| 464 | 0 |
_12001#$aСтруктура момента _tСтруктура момента |
|
| 464 | 0 |
_12001#$aПроснувшись с улыбкой _tПроснувшись с улыбкой |
|
| 702 | 1 |
_aКатакалидис _bЕ. _4440 |
|
| 801 | 0 |
_aRU _bNLR _gpsbo |
|
| 801 | 1 |
_aRU _bELAR _2rusmarc |
|
| 852 |
_aNLR _j89-3/13840 |
||
| 942 | _cBOOK | ||
| 980 | _aNB | ||